[Event "EU-Cup 38th"]
[Site "Durres"]
[Date "2023.10.07"]
[Round "7.4"]
[White "Veljanoski, Andrej"]
[Black "Budima, Armend"]
[Result "1-0"]
[WhiteElo "2261"]
[BlackElo "2165"]
[PlyCount "51"]
[EventDate "2023.10.01"]
[EventType "team-swiss"]
[EventRounds "7"]
[EventCountry "ALB"]
[SourceTitle "EXT 2024"]
[Source "ChessBase"]
[SourceDate "2023.10.10"]
[SourceVersion "1"]
[SourceVersionDate "2023.10.10"]
[SourceQuality "1"]
[WhiteTeam "Gambit Asseco See"]
[BlackTeam "Dardania"]
[WhiteTeamCountry "MKD"]
[BlackTeamCountry "KOS"]

1. e4 c5 2. Nf3 d6 3. d4 cxd4 4. Nxd4 Nf6 5. Nc3 Nc6 6. Bg5 e6 7. Qd2 Be7 8. 0-0-0 a6 9. h4 Bd7 10. f3 Nxd4 11. Qxd4 Qc7 12. Qd2 Rc8 13. Kb1 b5 14. Bd3 h6 15. Be3 d5 16. exd5 b4 17. dxe6 Bxe6 18. Ne2 Qa5 19. Nc1 Nd5 20. Nb3 Qa4 21. Bd4 0-0 22. g4 Rfd8 23. g5 h5 24. Rhe1 Qd7 25. Qe2 Nf4 26. Qe5 1-0

[Event "EU-Cup 37th"]
[Site "Mayrhofen"]
[Date "2022.10.03"]
[Round "1.10"]
[White "Budima, Armend"]
[Black "Kobo, Ori"]
[Result "0-1"]
[WhiteElo "2153"]
[BlackElo "2544"]
[PlyCount "110"]
[EventDate "2022.10.03"]
[EventType "team-swiss"]
[EventRounds "7"]
[EventCountry "AUT"]
[SourceTitle "CBM 210 Extra"]
[Source "ChessBase"]
[SourceDate "2022.11.30"]
[SourceVersion "1"]
[SourceVersionDate "2022.11.30"]
[SourceQuality "1"]
[WhiteTeam "Drejtesia"]
[BlackTeam "Beer Sheva"]
[WhiteTeamCountry "KOS"]
[BlackTeamCountry "ISR"]

1. e4 c5 2. Nc3 Nc6 3. f4 e6 4. Nf3 d5 5. Bb5 Nge7 6. Qe2 d4 7. Nb1 a6 8. Bxc6+ Nxc6 9. d3 Be7 10. 0-0 b5 11. a3 0-0 12. e5 f5 13. exf6 Rxf6 14. Ng5 Qd5 15. Qe4 g6 16. Nd2 Bd7 17. Qf3 Qxf3 18. Ndxf3 a5 19. Ne4 Rff8 20. Bd2 a4 21. Rae1 h6 22. Ne5 Nxe5 23. fxe5 Kg7 24. Nf6 Bc6 25. h4 c4 26. Ng4 g5 27. hxg5 hxg5 28. Rf6 Bxf6 29. exf6+ Rxf6 30. Nxf6 Kxf6 31. Rf1+ Kg6 32. Re1 Bd5 33. Bb4 Rc8 34. Re2 Rc6 35. Kf2 Kf5 36. Kg3 cxd3 37. cxd3 Rc1 38. Rf2+ Kg6 39. Rd2 Re1 40. Kf2 Re3 41. Bd6 Kf5 42. Bf8 e5 43. Be7 Ba2 44. Rd1 g4 45. Bh4 Kf4 46. g3+ Kf5 47. Kg1 Ke6 48. Kf2 Kd6 49. Rd2 Bb1 50. Bg5 Rf3+ 51. Kg2 Bxd3 52. Rf2 Rxf2+ 53. Kxf2 Kd5 54. Bf6 e4 55. Bg5 e3+ 0-1

[Event "EU-Cup 36th"]
[Site "Struga"]
[Date "2021.09.23"]
[Round "6.3"]
[White "Thorhallsson, Simon"]
[Black "Budima, Armend"]
[Result "1-0"]
[WhiteElo "2237"]
[BlackElo "2171"]
[PlyCount "63"]
[EventDate "2021.09.18"]
[EventType "team-swiss"]
[EventRounds "7"]
[EventCountry "MKD"]
[SourceTitle "CBM 204 Extra"]
[Source "ChessBase"]
[SourceDate "2021.11.30"]
[SourceVersion "1"]
[SourceVersionDate "2021.11.30"]
[SourceQuality "1"]
[WhiteTeam "Viking CC"]
[BlackTeam "Dardania"]
[WhiteTeamCountry "ISL"]
[BlackTeamCountry "KOS"]

1. e4 c5 2. Nf3 d6 3. d4 cxd4 4. Nxd4 Nf6 5. Nc3 a6 6. Bg5 e6 7. f4 h6 8. Bh4 Qb6 9. a3 Be7 10. Bf2 Qc7 11. Qf3 Nbd7 12. 0-0-0 b5 13. Bd3 Bb7 14. Qg3 Nh5 15. Nxe6 Qxc3 16. Qg4 Qc8 17. e5 dxe5 18. Bf5 Ndf6 19. Nxg7+ Nxg7 20. Qxg7 Qxf5 21. Qxh8+ Bf8 22. Bc5 Nd7 23. Bxf8 Nxf8 24. fxe5 Rc8 25. Rd2 Qg5 26. e6 fxe6 27. Rf1 Ke7 28. h4 Qg6 29. Qd4 Ke8 30. Qd6 Qg7 31. Rxf8+ Qxf8 32. Qd7# 1-0

[Event "EU-Cup 36th"]
[Site "Struga"]
[Date "2021.09.19"]
[Round "2.13"]
[White "Budima, Armend"]
[Black "Dishman, Stephen"]
[Result "1/2-1/2"]
[WhiteElo "2171"]
[BlackElo "2316"]
[PlyCount "79"]
[EventDate "2021.09.18"]
[EventType "team-swiss"]
[EventRounds "7"]
[EventCountry "MKD"]
[SourceTitle "CBM 204 Extra"]
[Source "ChessBase"]
[SourceDate "2021.11.30"]
[SourceVersion "1"]
[SourceVersionDate "2021.11.30"]
[SourceQuality "1"]
[WhiteTeam "Dardania"]
[BlackTeam "Bonnevoie Gambit"]
[WhiteTeamCountry "KOS"]
[BlackTeamCountry "LUX"]

1. e4 c6 2. d4 d5 3. Nc3 dxe4 4. Nxe4 Nf6 5. Nxf6+ exf6 6. c3 Bd6 7. Bd3 0-0 8. Ne2 Re8 9. 0-0 Nd7 10. Bf4 Nf8 11. Bxd6 Qxd6 12. Ng3 g6 13. Ne4 Qd8 14. Re1 Ne6 15. Bc4 f5 16. Nd2 Ng5 17. Rxe8+ Qxe8 18. Nf3 Be6 19. Nxg5 Bxc4 20. b3 Be6 21. Qd2 Bd7 22. Re1 Qf8 23. h4 Re8 24. Rxe8 Qxe8 25. Kf1 Kg7 26. Qe2 Qxe2+ 27. Kxe2 f6 28. Nf3 Kh6 29. c4 Be6 30. a4 Kh5 31. g3 Kg4 32. Ke3 a5 33. Ne1 g5 34. hxg5 fxg5 35. Nd3 h5 36. Ne5+ Kh3 37. Nf3 Kg4 38. Ne5+ Kh3 39. Nf3 Kg4 40. Ne5+ 1/2-1/2

[Event "EU-Cup 35th"]
[Site "Ulcinj"]
[Date "2019.11.16"]
[Round "7.29"]
[White "Menzies, Colin"]
[Black "Budima, Armend"]
[Result "0-1"]
[WhiteElo "2176"]
[BlackElo "2172"]
[PlyCount "104"]
[EventDate "2019.11.10"]
[EventType "team-swiss"]
[EventRounds "7"]
[EventCountry "MNE"]
[SourceTitle "EXT 2021"]
[Source "ChessBase"]
[SourceDate "2020.10.23"]
[SourceVersion "1"]
[SourceVersionDate "2020.10.23"]
[SourceQuality "1"]
[WhiteTeam "Gonzaga"]
[BlackTeam "Dardania"]
[WhiteTeamCountry "IRL"]
[BlackTeamCountry "KOS"]

1. d4 Nf6 2. Bg5 c5 3. d5 d6 4. Nc3 Qb6 5. Rb1 Nbd7 6. Nf3 g6 7. e4 Bg7 8. Be2 h6 9. Bf4 a6 10. Nd2 0-0 11. 0-0 Qd8 12. a4 b5 13. axb5 axb5 14. Nxb5 Ba6 15. Na3 Qb8 16. Bxa6 Rxa6 17. Nac4 Nb6 18. Nxb6 Qxb6 19. b3 Qb4 20. Bg3 Qd4 21. Re1 Ra2 22. Re3 Rfa8 23. Rd3 Qb4 24. f3 Nh5 25. Nf1 Nxg3 26. hxg3 Ra1 27. Nd2 Rxb1 28. Nxb1 Ra1 29. c3 Qb6 30. c4 Qa5 31. Qf1 Qa2 32. Rd1 Qxb3 33. Kh2 h5 34. Re1 Qc2 35. Rc1 Qb2 36. Rd1 Qb3 37. Re1 Ra2 38. Rd1 h4 39. Qd3 hxg3+ 40. Kxg3 Qb4 41. Rd2 Ra1 42. Rd1 Qb2 43. Kh3 Be5 44. g3 Kg7 45. f4 Bd4 46. e5 dxe5 47. f5 Ra8 48. Nd2 Ra3 49. Qf1 Qc2 50. fxg6 Qxg6 51. Qe1 Re3 52. Qg1 Qh5+ 0-1

[Event "KOS-chT"]
[Site "Pristina"]
[Date "2019.05.04"]
[Round "6.4"]
[White "Budima, Armend"]
[Black "Ermeni, Bekim"]
[Result "0-1"]
[WhiteElo "2193"]
[BlackElo "2049"]
[PlyCount "24"]
[EventDate "2019.04.29"]
[EventType "team-tourn"]
[EventRounds "7"]
[EventCountry "KOS"]
[SourceTitle "CBM 190 Extra"]
[Source "ChessBase"]
[SourceDate "2019.07.15"]
[SourceVersion "1"]
[SourceVersionDate "2019.07.15"]
[SourceQuality "1"]
[WhiteTeam "Dardania"]
[BlackTeam "Vellaznimi"]
[WhiteTeamCountry "KOS"]
[BlackTeamCountry "KOS"]

1. e4 Nf6 2. Nc3 d5 3. e5 Ne4 4. d4 Bf5 5. Nge2 e6 6. Nxe4 Bxe4 7. Ng3 Bg6 8. c3 c5 9. Bb5+ Nd7 10. 0-0 a6 11. Be2 Qb6 12. h4 h6 0-1

[Event "EU-Cup 33rd"]
[Site "Antalya"]
[Date "2017.10.12"]
[Round "5.1"]
[White "Budima, Armend"]
[Black "Costachi, Mihnea"]
[Result "0-1"]
[WhiteElo "2226"]
[BlackElo "2425"]
[PlyCount "110"]
[EventDate "2017.10.08"]
[EventType "team-swiss"]
[EventRounds "7"]
[EventCountry "TUR"]
[SourceTitle "CBM 181"]
[Source "ChessBase"]
[SourceDate "2017.11.10"]
[SourceVersion "1"]
[SourceVersionDate "2017.11.10"]
[SourceQuality "1"]
[WhiteTeam "Dardania"]
[BlackTeam "Adare"]
[WhiteTeamCountry "KOS"]
[BlackTeamCountry "IRL"]

1. e4 e5 2. Nf3 Nc6 3. Bc4 Bc5 4. 0-0 d6 5. c3 Nf6 6. d3 a5 7. Bg5 h6 8. Be3 Ba7 9. Bxa7 Rxa7 10. Nbd2 0-0 11. Re1 Ne7 12. d4 Ng6 13. a4 Nh7 14. Nf1 Qf6 15. Ne3 c6 16. Bf1 Ra8 17. dxe5 dxe5 18. Qc2 Be6 19. Rad1 Ng5 20. Nxg5 Qxg5 21. Nf5 Rfd8 22. Rxd8+ Rxd8 23. Re3 Rd7 24. h4 Qd8 25. g3 Ne7 26. Nxe7+ Qxe7 27. Rd3 Rxd3 28. Bxd3 Qc5 29. Be2 b5 30. axb5 cxb5 31. Qd3 b4 32. cxb4 Qxb4 33. Qb1 Qd2 34. Bf1 Kh7 35. Qa1 Bg4 36. Bg2 Be2 37. b3 Qd1+ 38. Qxd1 Bxd1 39. Kf1 Bxb3 40. Ke1 a4 41. Kd2 a3 42. Kc3 a2 43. Kb2 g5 44. hxg5 hxg5 45. Bh3 Kg7 46. Bd7 Kf6 47. Bc6 Ke6 48. Bb7 Kd6 49. Ba8 Kc5 50. Bb7 f6 51. Ba8 Kd4 52. Bb7 Bc4 53. Bc6 Kd3 54. Bd5 Ba6 55. Kxa2 Ke2 0-1

[Event "Kosovo Club Cup"]
[Site "Pristina"]
[Date "2016.12.10"]
[Round "5.2"]
[White "Budima, Armend"]
[Black "Makolli, Perparim"]
[Result "0-1"]
[WhiteElo "2191"]
[BlackElo "2286"]
[PlyCount "94"]
[EventDate "2016.11.06"]
[EventType "team-tourn"]
[EventRounds "7"]
[EventCountry "KOS"]
[SourceTitle "EXT 2018"]
[Source "ChessBase"]
[SourceDate "2017.10.13"]
[SourceVersion "1"]
[SourceVersionDate "2017.10.13"]
[SourceQuality "1"]
[WhiteTeam "Dardania"]
[BlackTeam "Expik"]
[WhiteTeamCountry "KOS"]
[BlackTeamCountry "KOS"]

1. e4 c5 2. Nf3 e6 3. d4 cxd4 4. Nxd4 Nc6 5. Nc3 Qc7 6. Be3 a6 7. Qd2 Nf6 8. 0-0-0 Bb4 9. f3 d5 10. Bg5 Ne7 11. Bxf6 gxf6 12. Nde2 dxe4 13. fxe4 Nc6 14. a3 Be7 15. Nd5 Qd8 16. Nxe7 Qxd2+ 17. Rxd2 Kxe7 18. Nc3 b5 19. Rf2 Ne5 20. Be2 h5 21. Rhf1 Rh6 22. Rf4 h4 23. Re1 Bb7 24. Bf1 Rc8 25. Re3 Rg8 26. Rh3 Ng6 27. Rf2 Rd8 28. Rd2 Rxd2 29. Kxd2 Nf4 30. Rf3 e5 31. Rf2 Rh8 32. Ke3 Rg8 33. Rd2 Ke6 34. a4 b4 35. Bc4+ Ke7 36. Nd5+ Nxd5+ 37. exd5 Kd6 38. b3 f5 39. Kf3 f4 40. Bd3 Rg5 41. Bc4 a5 42. Rd3 Bc8 43. Rd2 Bg4+ 44. Kf2 e4 45. Kf1 e3 46. Rd4 Ke5 47. Rd3 Bf5 0-1

[Event "KOS-ch final"]
[Site "Pristina"]
[Date "2016.10.08"]
[Round "3"]
[White "Aliu, Besnik"]
[Black "Budima, Armend"]
[Result "1-0"]
[WhiteElo "2114"]
[BlackElo "2191"]
[PlyCount "97"]
[EventDate "2016.10.01"]
[EventType "tourn"]
[EventRounds "9"]
[EventCountry "KOS"]
[SourceTitle "EXT 2018"]
[Source "ChessBase"]
[SourceDate "2017.10.13"]
[SourceVersion "1"]
[SourceVersionDate "2017.10.13"]
[SourceQuality "1"]

1. e4 c5 2. Nf3 d6 3. d4 cxd4 4. Nxd4 Nf6 5. Nc3 Nc6 6. Be2 e5 7. Ndb5 a6 8. Na3 b5 9. Nd5 Nxd5 10. exd5 Nd4 11. Be3 Nf5 12. Qd2 Nxe3 13. Qxe3 Be7 14. c4 Qa5+ 15. Qd2 Qxd2+ 16. Kxd2 bxc4 17. Nxc4 Bb7 18. Rhd1 Rc8 19. Ke1 Rc5 20. Nb6 Bd8 21. b4 Rc2 22. Nc4 Ke7 23. Bd3 Rc3 24. Kd2 Rxd3+ 25. Kxd3 Bxd5 26. Ne3 Bb7 27. a4 Ke6 28. b5 f5 29. Kc4 Ba5 30. Rac1 f4 31. Nc2 Rc8+ 32. Kb3 Rc3+ 33. Kb2 axb5 34. axb5 d5 35. Ra1 Rxc2+ 36. Kxc2 Bb6 37. Ra6 Bxa6 38. bxa6 Bxf2 39. Ra1 Ba7 40. Rb1 e4 41. Kd2 Be3+ 42. Kc2 d4 43. Rb6+ Ke5 44. a7 d3+ 45. Kd1 Bxb6 46. a8Q Bd4 47. Qe8+ Kd5 48. Qf7+ Kc5 49. Qxf4 1-0

[Event "Skopje Karposh op"]
[Site "Skopje"]
[Date "2015.03.28"]
[Round "2"]
[White "Mastrovasilis, Athanasios"]
[Black "Budima, Armend"]
[Result "1-0"]
[WhiteElo "2506"]
[BlackElo "2255"]
[PlyCount "80"]
[EventDate "2015.03.27"]
[EventType "swiss"]
[EventRounds "9"]
[EventCountry "MKD"]
[SourceTitle "CBM 165 Extra"]
[Source "ChessBase"]
[SourceDate "2015.04.21"]
[SourceVersion "1"]
[SourceVersionDate "2015.04.21"]
[SourceQuality "1"]

1. d4 Nf6 2. Nf3 g6 3. c4 Bg7 4. Nc3 d6 5. Bf4 c6 6. e3 a6 7. Be2 0-0 8. 0-0 b5 9. Nd2 Re8 10. Rc1 b4 11. Na4 Ra7 12. e4 Nfd7 13. Be3 Nf8 14. Nb3 a5 15. c5 Ba6 16. d5 dxc5 17. Bxc5 Bxe2 18. Qxe2 Ra6 19. Rfd1 Nfd7 20. Be3 cxd5 21. Rxd5 e6 22. Rdd1 Rc6 23. Rxc6 Nxc6 24. Qb5 Nce5 25. f4 Ng4 26. Ba7 Qa8 27. Qxd7 Nf6 28. Qc7 Qxe4 29. Qe5 Qb7 30. Qxa5 Nd5 31. Nac5 Qc6 32. Nd3 Qc4 33. Qc5 Qe4 34. Qf2 Ra8 35. Bd4 Bf8 36. Nbc5 Bxc5 37. Bxc5 Rxa2 38. Qd4 Qe2 39. Re1 Qd2 40. Qe4 b3 1-0

[Event "EU-Cup 29th"]
[Site "Rhodes"]
[Date "2013.10.24"]
[Round "5.3"]
[White "Merx, Bob"]
[Black "Budima, Armend"]
[Result "1-0"]
[WhiteElo "2129"]
[BlackElo "2226"]
[PlyCount "103"]
[EventDate "2013.10.20"]
[EventType "team-swiss"]
[EventRounds "7"]
[EventCountry "GRE"]
[SourceTitle "CBM 157"]
[Source "ChessBase"]
[SourceDate "2013.11.12"]
[SourceVersion "1"]
[SourceVersionDate "2013.11.12"]
[SourceQuality "1"]
[WhiteTeam "Voerendaal"]
[BlackTeam "Expik"]
[WhiteTeamCountry "NED"]
[BlackTeamCountry "KOS"]

1. e4 c5 2. Nc3 Nc6 3. g3 g6 4. Bg2 Bg7 5. d3 d6 6. Be3 Nf6 7. h3 e5 8. Nge2 Be6 9. 0-0 Qd7 10. Kh2 h5 11. Nd5 h4 12. Nxf6+ Bxf6 13. g4 b6 14. Nc3 Bg7 15. Nd5 Bxd5 16. exd5 Ne7 17. c3 f5 18. Bf3 0-0-0 19. Rb1 Rdf8 20. b4 e4 21. dxe4 Bxc3 22. bxc5 dxc5 23. exf5 gxf5 24. d6 Be5+ 25. Kh1 Bxd6 26. Qd3 Kb8 27. Bf4 Rd8 28. Rfd1 fxg4 29. hxg4 Bxf4 30. Qxd7 Rxd7 31. Rxd7 Re8 32. Rb7+ Kc8 33. Rxa7 Bb8 34. Rb7 Bc7 35. Re1 Kd8 36. Bc6 Rf8 37. Bb5 Nc8 38. Rd1+ Nd6 39. Rxd6+ Bxd6 40. Rd7+ Kc8 41. Rxd6 Rxf2 42. a4 Kc7 43. Rd7+ Kc8 44. g5 Rf3 45. Rg7 Rf4 46. g6 Rf6 47. Kh2 Kb8 48. Kh3 Rd6 49. Kxh4 c4 50. Bxc4 Rd4+ 51. Kg5 Rxc4 52. Rf7 1-0

[Event "EU-Cup 29th"]
[Site "Rhodes"]
[Date "2013.10.23"]
[Round "4.3"]
[White "Budima, Armend"]
[Black "Landenbergue, Claude"]
[Result "1-0"]
[WhiteElo "2226"]
[BlackElo "2393"]
[PlyCount "89"]
[EventDate "2013.10.20"]
[EventType "team-swiss"]
[EventRounds "7"]
[EventCountry "GRE"]
[SourceTitle "CBM 157"]
[Source "ChessBase"]
[SourceDate "2013.11.12"]
[SourceVersion "1"]
[SourceVersionDate "2013.11.12"]
[SourceQuality "1"]
[WhiteTeam "Expik"]
[BlackTeam "Geneve"]
[WhiteTeamCountry "KOS"]
[BlackTeamCountry "SUI"]

1. e4 c5 2. Nc3 Nc6 3. f4 g6 4. Nf3 Bg7 5. Bc4 e6 6. f5 Nge7 7. fxe6 dxe6 8. d3 0-0 9. a4 h6 10. 0-0 Nd4 11. Ne2 Nec6 12. Nexd4 cxd4 13. Qe1 a5 14. Bd2 b6 15. Qg3 Nb4 16. Bb3 Bd7 17. Ne5 Be8 18. Rf3 Qe7 19. Raf1 Kh7 20. Nc4 b5 21. axb5 a4 22. Nd6 axb3 23. Bxb4 bxc2 24. Ba3 Rxa3 25. bxa3 Bxb5 26. Nxb5 Qc5 27. Qc7 Qxb5 28. Qxc2 f5 29. exf5 exf5 30. Rb1 Qa5 31. a4 Re8 32. Rff1 Re7 33. Rb5 Qa6 34. Qb3 h5 35. Rb6 Qa8 36. Qb5 Rc7 37. Rb8 Qa7 38. Qb6 Qxb6 39. Rxb6 Rc3 40. Ra1 Rxd3 41. a5 Re3 42. a6 d3 43. Rd1 Bd4 44. Rb7+ Kh6 45. Kf1 1-0

[Event "EU-Cup 28th"]
[Site "Eilat"]
[Date "2012.10.16"]
[Round "6.1"]
[White "Meribanov, Vitaly"]
[Black "Budima, Armend"]
[Result "1/2-1/2"]
[WhiteElo "2407"]
[BlackElo "2247"]
[PlyCount "75"]
[EventDate "2012.10.11"]
[EventType "team-swiss"]
[EventRounds "7"]
[EventCountry "ISR"]
[SourceTitle "CBM 151"]
[Source "ChessBase"]
[SourceDate "2012.11.13"]
[SourceVersion "1"]
[SourceVersionDate "2012.11.13"]
[SourceQuality "1"]
[WhiteTeam "Minsk Ladia"]
[BlackTeam "Expik"]
[WhiteTeamCountry "BLR"]
[BlackTeamCountry "KOS"]

1. e4 c5 2. Nc3 d6 3. Nge2 Nf6 4. d4 cxd4 5. Nxd4 Nc6 6. Bg5 e6 7. Qd2 a6 8. 0-0-0 h6 9. Be3 Be7 10. f3 Nxd4 11. Bxd4 b5 12. Bd3 Qa5 13. Kb1 b4 14. Ne2 e5 15. Be3 Be6 16. Nc1 0-0 17. g4 Nd7 18. Rhg1 Nc5 19. Rg3 Rfc8 20. Rh3 Bf8 21. Rh4 Na4 22. Nb3 Qd8 23. g5 a5 24. Rg1 Nc3+ 25. bxc3 bxc3 26. Qf2 a4 27. Rxh6 g6 28. Bb6 axb3 29. cxb3 c2+ 30. Bxc2 Rxc2 31. Qh4 Bxh6 32. Bxd8 Raxa2 33. gxh6 Rab2+ 34. Ka1 Ra2+ 35. Kb1 Rab2+ 36. Ka1 Ra2+ 37. Kb1 Rab2+ 38. Ka1 1/2-1/2

[Event "EU-Cup 28th"]
[Site "Eilat"]
[Date "2012.10.15"]
[Round "5.2"]
[White "Budima, Armend"]
[Black "Byklum, Bjornar"]
[Result "1/2-1/2"]
[WhiteElo "2247"]
[BlackElo "2298"]
[PlyCount "82"]
[EventDate "2012.10.11"]
[EventType "team-swiss"]
[EventRounds "7"]
[EventCountry "ISR"]
[SourceTitle "CBM 151"]
[Source "ChessBase"]
[SourceDate "2012.11.13"]
[SourceVersion "1"]
[SourceVersionDate "2012.11.13"]
[SourceQuality "1"]
[WhiteTeam "Expik"]
[BlackTeam "SOSS"]
[WhiteTeamCountry "KOS"]
[BlackTeamCountry "NOR"]

1. e4 c5 2. Nc3 d6 3. f4 Nc6 4. Nf3 g6 5. Bc4 Bg7 6. 0-0 Nf6 7. Qe1 0-0 8. f5 e6 9. fxg6 fxg6 10. d3 Nd4 11. Qh4 d5 12. Bb3 dxe4 13. dxe4 c4 14. Bxc4 Nxf3+ 15. Rxf3 Qd4+ 16. Kh1 Qxc4 17. Bg5 Bd7 18. b3 Qc5 19. Raf1 Nh5 20. g4 Rxf3 21. Rxf3 Bxc3 22. gxh5 Bg7 23. h6 Rf8 24. Be7 Qh5 25. Qxh5 gxh5 26. Rg3 Rf7 27. Bd6 Bc6 28. Be5 Bxe4+ 29. Kg1 h4 30. Rxg7+ Rxg7+ 31. hxg7 Bxc2 32. b4 b6 33. Kg2 Bf5 34. Kf3 a5 35. a3 axb4 36. axb4 b5 37. Kf4 h6 38. Ke3 Kf7 39. Kd4 Bh7 40. Kc5 Bd3 41. Kc6 Bc4 1/2-1/2

[Event "EU-Cup 28th"]
[Site "Eilat"]
[Date "2012.10.12"]
[Round "2.2"]
[White "Budima, Armend"]
[Black "Galego, Luis"]
[Result "0-1"]
[WhiteElo "2247"]
[BlackElo "2485"]
[PlyCount "104"]
[EventDate "2012.10.11"]
[EventType "team-swiss"]
[EventRounds "7"]
[EventCountry "ISR"]
[SourceTitle "CBM 151"]
[Source "ChessBase"]
[SourceDate "2012.11.13"]
[SourceVersion "1"]
[SourceVersionDate "2012.11.13"]
[SourceQuality "1"]
[WhiteTeam "Expik"]
[BlackTeam "Jutes of Kent"]
[WhiteTeamCountry "KOS"]
[BlackTeamCountry "ENG"]

1. e4 d5 2. exd5 Qxd5 3. Nc3 Qd6 4. d4 Nf6 5. Bc4 a6 6. Bb3 Nc6 7. Nge2 Bg4 8. f3 Bf5 9. Bf4 Qd7 10. g4 Bg6 11. h4 h6 12. Qd2 e6 13. 0-0-0 0-0-0 14. h5 Bh7 15. d5 exd5 16. Nxd5 Nxd5 17. Qxd5 Qxd5 18. Bxd5 Bxc2 19. Rd2 Bb4 20. Nc3 Bh7 21. Rhd1 Rhf8 22. a3 Bd6 23. Ne2 Bxf4 24. Nxf4 Rd6 25. b4 Rf6 26. Nh3 Ne7 27. g5 Rd6 28. g6 fxg6 29. Be4 Rxd2 30. Rxd2 Rf6 31. Rg2 Bg8 32. hxg6 Bd5 33. Nf2 Bxe4 34. fxe4 Rxg6 35. Rh2 Rg3 36. Kb2 Nc6 37. Nd1 Ne5 38. Nc3 Kd7 39. a4 a5 40. bxa5 Nc4+ 41. Kc2 Nxa5 42. Rd2+ Ke6 43. Rd5 Nc6 44. Ne2 Rg2 45. Kd2 g5 46. Ke3 Rh2 47. a5 Rh3+ 48. Kf2 Ra3 49. Rb5 Ra2 50. Rd5 Rxa5 51. Nd4+ Kf7 52. Rd7+ Ke8 0-1

[Event "EU-Cup 27th"]
[Site "Rogaska Slatina"]
[Date "2011.09.25"]
[Round "1"]
[White "Kuipers, Stefan"]
[Black "Budima, Armend"]
[Result "1-0"]
[WhiteElo "2381"]
[BlackElo "2247"]
[PlyCount "129"]
[EventDate "2011.09.25"]
[EventType "team-swiss"]
[EventRounds "7"]
[EventCountry "SLO"]
[SourceTitle "CBM 145"]
[Source "ChessBase"]
[SourceDate "2011.11.11"]
[SourceVersion "1"]
[SourceVersionDate "2011.11.11"]
[SourceQuality "1"]
[WhiteTeam "Homburg Apeldoorn"]
[BlackTeam "Expik"]
[WhiteTeamCountry "NED"]
[BlackTeamCountry "KOS"]

1. e4 c5 2. Nf3 d6 3. d4 cxd4 4. Nxd4 Nf6 5. Nc3 Nc6 6. Bg5 e6 7. Qd2 a6 8. 0-0-0 Be7 9. f4 Nxd4 10. Qxd4 Qa5 11. Bxf6 gxf6 12. Be2 b5 13. f5 b4 14. Nb1 e5 15. Qc4 Bb7 16. Bh5 Rf8 17. Bf3 Rc8 18. Qb3 Bc6 19. Rd2 Qc5 20. a3 a5 21. c3 Rb8 22. Qc2 Kd7 23. cxb4 Qxc2+ 24. Rxc2 axb4 25. axb4 Rxb4 26. Nc3 Ra8 27. Kb1 Bf8 28. Rd1 Bh6 29. Nd5 Bxd5 30. Rxd5 Be3 31. Be2 Rab8 32. Bc4 Bd4 33. b3 Ra4 34. Kc1 Ra1+ 35. Kd2 Rg1 36. Kd3 Bc5 37. Re2 Ke7 38. Ra2 h5 39. g3 h4 40. gxh4 Rh8 41. Rxc5 dxc5 42. Ra7+ Kd6 43. Rxf7 Rxh4 44. Rxf6+ Kc7 45. Bd5 Rc1 46. Kd2 Rf1 47. Kc3 Rc1+ 48. Kb2 Rf1 49. Rc6+ Kd7 50. Rxc5 Rxh2+ 51. Ka3 Rd2 52. Bc4 Kd6 53. Rc8 Rff2 54. Re8 Rd4 55. Re6+ Kd7 56. Rxe5 Rf4 57. Rd5+ Rxd5 58. Bxd5 Kd6 59. Kb4 Rf1 60. Kb5 Kc7 61. Kc5 Rc1+ 62. Kd4 Kd7 63. f6 Rf1 64. e5 Rd1+ 65. Kc5 1-0